[Event "Saint Louis Winter-A playoff"]
[Site "Saint Louis"]
[Date "2019.11.26"]
[Round "3"]
[White "Matsenko, Sergei"]
[Black "Stremavicius, Titas"]
[Result "1/2-1/2"]
[WhiteElo "2533"]
[BlackElo "2506"]
[PlyCount "119"]
[EventDate "2019.11.26"]
[EventType "match (blitz)"]
[EventRounds "3"]
[EventCountry "USA"]
[SourceTitle "EXT 2021"]
[Source "ChessBase"]
[SourceDate "2020.10.23"]
[SourceVersion "1"]
[SourceVersionDate "2020.10.23"]
[SourceQuality "1"]

1. Nf3 d5 2. c4 e6 3. g3 Nf6 4. Bg2 dxc4 5. 0-0 a6 6. Qc2 Be7 7. Qxc4 0-0 8. Qc2 c5 9. a4 Bd7 10. Ne5 Qc7 11. Nxd7 Nbxd7 12. b3 Rac8 13. Bb2 Nd5 14. Nc3 N7f6 15. Rac1 Qd7 16. Rfd1 Rfd8 17. Qb1 Nb4 18. Ne4 Nxe4 19. Bxe4 h6 20. d4 cxd4 21. Rxd4 Rxc1+ 22. Qxc1 Nd5 23. Bxd5 exd5 24. Rd3 Qe6 25. Qd2 Qc6 26. e4 Qb6 27. exd5 Bb4 28. Qf4 Qg6 29. Qf3 Rc8 30. Kg2 Rc2 31. Bd4 Bd6 32. a5 Kh7 33. Bb6 Rc8 34. Rd4 Be5 35. Rc4 Re8 36. Re4 f6 37. h4 h5 38. Re2 Rc8 39. Qe4 Qxe4+ 40. Rxe4 Kg6 41. Re2 Kf7 42. f4 Bd6 43. Re6 Bb4 44. Re2 Rc3 45. f5 Rd3 46. Rc2 Rxd5 47. Rc7+ Kg8 48. Rxb7 Rxf5 49. Ra7 Bxa5 50. Rxa6 Be1 51. Ra1 Bc3 52. Rc1 Bd2 53. Rc2 Be1 54. Bf2 Bb4 55. Rc4 Rb5 56. Re4 Be7 57. Re3 Bd6 58. Rd3 Be5 59. Be3 Kf7 60. Kf3 1/2-1/2

[Event "Southwest op 85th"]
[Site "Irving"]
[Date "2019.09.01"]
[Round "6"]
[White "Gabuzyan, Hovhannes"]
[Black "Matsenko, Sergei"]
[Result "1/2-1/2"]
[WhiteElo "2610"]
[BlackElo "2521"]
[PlyCount "119"]
[EventDate "2019.08.29"]
[EventType "swiss"]
[EventRounds "9"]
[EventCountry "USA"]
[SourceTitle "EXT 2020"]
[Source "ChessBase"]
[SourceDate "2019.10.17"]
[SourceVersion "1"]
[SourceVersionDate "2019.10.17"]
[SourceQuality "1"]

1. g3 Nf6 2. Bg2 d5 3. Nf3 c6 4. c4 Bf5 5. 0-0 e6 6. cxd5 exd5 7. d3 Be7 8. Qb3 Qb6 9. Qc2 0-0 10. Nc3 h6 11. e4 dxe4 12. dxe4 Bh7 13. Be3 Qa5 14. h3 Nd5 15. Bd2 Nxc3 16. Bxc3 Bb4 17. Bd4 Re8 18. a3 Bf8 19. Bc3 Qc7 20. Nd4 Nd7 21. Rad1 Rad8 22. Kh2 Nf6 23. Nf5 Bxf5 24. exf5 Rxd1 25. Rxd1 Rd8 26. Be5 Qe7 27. Rxd8 Qxd8 28. Bf3 Qd7 29. Kg2 Bd6 30. Bc3 Qe7 31. Bd4 a6 32. Qc3 Ne4 33. Qe3 Nf6 34. Qb3 Ne4 35. Qd3 Nf6 36. b4 Be5 37. Qe3 Nd7 38. Qe4 Bf6 39. Qxe7 Bxe7 40. f6 Bxf6 41. Bg4 Bxd4 42. Bxd7 Bb2 43. a4 Bc3 44. Bc8 b6 45. Bb7 Bxb4 46. Bxc6 Bc3 47. Kf3 Kf8 48. g4 Ke7 49. Ke4 Kd6 50. Be8 Ke6 51. Bc6 f5+ 52. gxf5+ Kd6 53. Bb7 b5 54. axb5 axb5 55. Bd5 Bf6 56. Bf7 Kc5 57. Kd3 b4 58. Bb3 Bd4 59. f4 Bf6 60. Ke4 1/2-1/2

[Event "Southwest op 85th"]
[Site "Irving"]
[Date "2019.08.29"]
[Round "1"]
[White "Kumar, Nikhil"]
[Black "Matsenko, Sergei"]
[Result "0-1"]
[WhiteElo "2272"]
[BlackElo "2521"]
[PlyCount "82"]
[EventDate "2019.08.29"]
[EventType "swiss"]
[EventRounds "9"]
[EventCountry "USA"]
[SourceTitle "EXT 2020"]
[Source "ChessBase"]
[SourceDate "2019.10.17"]
[SourceVersion "1"]
[SourceVersionDate "2019.10.17"]
[SourceQuality "1"]

1. d4 Nf6 2. c4 e6 3. g3 d5 4. Nf3 a6 5. Bg2 dxc4 6. 0-0 Nc6 7. e3 Bd7 8. Qe2 b5 9. b3 cxb3 10. axb3 Be7 11. Bb2 0-0 12. Nbd2 Nb4 13. e4 c5 14. e5 Nfd5 15. dxc5 Bxc5 16. Ne4 Be7 17. Nd4 Nc6 18. Nxc6 Bxc6 19. Rfc1 Bb7 20. Nc5 Bxc5 21. Rxc5 Qd7 22. Rac1 Rfc8 23. Qd2 Rxc5 24. Rxc5 Rc8 25. Ba3 h6 26. h4 Rxc5 27. Bxc5 Nb6 28. Qxd7 Nxd7 29. Bd4 Bxg2 30. Kxg2 a5 31. f4 h5 32. Kf3 a4 33. bxa4 bxa4 34. Bb2 Kh7 35. Ke4 Kg6 36. Ba3 Nb6 37. Bb4 Nd5 38. Bd6 Nc3+ 39. Kd3 Nb5 40. Kc4 a3 41. Kb3 Kf5 0-1

[Event "Titled Tuesday intern op 2nd Febr"]
[Site "Chess.com INT"]
[Date "2019.02.05"]
[Round "5"]
[White "Wadsworth, Matthew J"]
[Black "Matsenko, Sergei"]
[Result "1/2-1/2"]
[WhiteElo "2386"]
[BlackElo "2515"]
[PlyCount "131"]
[EventDate "2019.02.05"]
[EventType "swiss (blitz)"]
[EventRounds "10"]
[EventCountry "USA"]
[SourceTitle "EXT 2021"]
[Source "ChessBase"]
[SourceDate "2020.10.23"]
[SourceVersion "1"]
[SourceVersionDate "2020.10.23"]
[SourceQuality "1"]

1. c4 Nf6 2. g3 c5 3. Bg2 e6 4. Nf3 d5 5. 0-0 dxc4 6. Na3 Nc6 7. Nxc4 Be7 8. a4 0-0 9. a5 Bd7 10. d3 Nd5 11. Bd2 Rc8 12. Qb3 Ndb4 13. Nce5 Be8 14. Rfc1 Bd6 15. Nxc6 Bxc6 16. Bxb4 cxb4 17. a6 Bd5 18. Qa4 Bc6 19. Qd1 Qb6 20. axb7 Bxb7 21. Nd2 Bxg2 22. Kxg2 Be5 23. Nc4 Rxc4 24. Rxc4 Bxb2 25. Rb1 Bf6 26. Rbxb4 Qa5 27. Qa4 Qd5+ 28. Kg1 Qe5 29. Rc2 h5 30. Qxa7 h4 31. Re4 Qd5 32. Qc5 hxg3 33. hxg3 Qb3 34. Kg2 Ra8 35. Rc1 Qb2 36. Rh1 g6 37. Qc6 Rb8 38. Rf4 Kg7 39. Qc7 Rf8 40. e4 Be5 41. Qc1 Qxc1 42. Rxc1 Bxf4 43. gxf4 Rd8 44. Rc3 Kf6 45. Kf3 g5 46. fxg5+ Kxg5 47. Ke3 e5 48. Rc5 Kf6 49. Rc6+ Kg5 50. Rc5 Kf6 51. Rd5 Ra8 52. f4 exf4+ 53. Kxf4 Ke6 54. Rb5 Rd8 55. Rb6+ Ke7 56. Ke3 f6 57. d4 Rh8 58. d5 Rh1 59. Re6+ Kf7 60. Kd4 Rc1 61. Ra6 Ke7 62. Ra7+ Kd6 63. Ra6+ Ke7 64. Rc6 Rxc6 65. dxc6 Kd6 66. c7 1/2-1/2

[Event "Southwest op 84th"]
[Site "Irving"]
[Date "2018.09.03"]
[Round "9"]
[White "Reshef, Omer"]
[Black "Matsenko, Sergei"]
[Result "1/2-1/2"]
[WhiteElo "2497"]
[BlackElo "2533"]
[PlyCount "39"]
[EventDate "2018.08.30"]
[EventType "swiss"]
[EventRounds "9"]
[EventCountry "USA"]
[SourceTitle "CBM 186 Extra"]
[Source "ChessBase"]
[SourceDate "2018.08.24"]
[SourceVersion "1"]
[SourceVersionDate "2018.08.24"]
[SourceQuality "1"]

1. e4 e6 2. d4 d5 3. exd5 exd5 4. Nf3 Nf6 5. Bd3 c5 6. dxc5 Bxc5 7. 0-0 0-0 8. Nc3 h6 9. h3 Nc6 10. Bf4 a6 11. Qd2 Re8 12. Rfe1 Be6 13. a3 d4 14. Ne4 Nxe4 15. Bxe4 Bd5 16. Bxd5 Qxd5 17. Rxe8+ Rxe8 18. Re1 Re4 19. Rxe4 Qxe4 20. Ne1 1/2-1/2

[Event "Southwest op 84th"]
[Site "Irving"]
[Date "2018.09.02"]
[Round "7"]
[White "Hilby, Craig"]
[Black "Matsenko, Sergei"]
[Result "1/2-1/2"]
[WhiteElo "2420"]
[BlackElo "2533"]
[PlyCount "69"]
[EventDate "2018.08.30"]
[EventType "swiss"]
[EventRounds "9"]
[EventCountry "USA"]
[SourceTitle "CBM 186 Extra"]
[Source "ChessBase"]
[SourceDate "2018.08.24"]
[SourceVersion "1"]
[SourceVersionDate "2018.08.24"]
[SourceQuality "1"]

1. d4 Nf6 2. c4 e6 3. Nf3 d5 4. g3 dxc4 5. Bg2 a6 6. 0-0 Nc6 7. e3 Rb8 8. Nfd2 e5 9. Bxc6+ bxc6 10. dxe5 Ng4 11. Nxc4 Be6 12. Nbd2 Bb4 13. Qe2 h5 14. f3 Bxd2 15. Bxd2 h4 16. fxg4 hxg3 17. b3 Rxh2 18. Qf3 Rxd2 19. Nxd2 Qxd2 20. Qxg3 Rb4 21. Rf4 Rxf4 22. Qxf4 Bd5 23. Qg3 Qb2 24. Re1 Qxa2 25. e6 Bxe6 26. Qxc7 Qc2 27. Qb8+ Ke7 28. Qc7+ Ke8 29. Qe5 Qxb3 30. Qxg7 Qb4 31. Qh8+ Ke7 32. Qh4+ Ke8 33. Qh8+ Ke7 34. Qh4+ Ke8 35. Qh8+ 1/2-1/2

[Event "Southwest op 84th"]
[Site "Irving"]
[Date "2018.08.31"]
[Round "2"]
[White "Matsenko, Sergei"]
[Black "Javakhadze, Zurab"]
[Result "1/2-1/2"]
[WhiteElo "2533"]
[BlackElo "2438"]
[PlyCount "65"]
[EventDate "2018.08.30"]
[EventType "swiss"]
[EventRounds "9"]
[EventCountry "USA"]
[SourceTitle "CBM 186 Extra"]
[Source "ChessBase"]
[SourceDate "2018.08.24"]
[SourceVersion "1"]
[SourceVersionDate "2018.08.24"]
[SourceQuality "1"]

1. d4 d5 2. c4 e6 3. Nc3 a6 4. cxd5 exd5 5. Bf4 Nf6 6. e3 Bd6 7. Bg5 c6 8. Bd3 Nbd7 9. Nge2 Nf8 10. Bh4 Ng6 11. Bg3 0-0 12. 0-0 Re8 13. Qd2 Bf8 14. f3 c5 15. Bxg6 hxg6 16. Bh4 b5 17. dxc5 Bxc5 18. Nd4 Bb7 19. Rac1 Ba7 20. Bf2 Nd7 21. Nce2 Ne5 22. b3 g5 23. h3 Qf6 24. Rc7 Rab8 25. Bg3 Bb6 26. Rc2 Re7 27. f4 gxf4 28. Rxf4 Qg6 29. Kh2 Rd8 30. Nf5 Ree8 31. Ned4 Rd7 32. Qd1 f6 33. Rf1 1/2-1/2

[Event "Southwest op 84th"]
[Site "Irving"]
[Date "2018.08.31"]
[Round "3"]
[White "Ostrovskiy, Aleksandr A"]
[Black "Matsenko, Sergei"]
[Result "1/2-1/2"]
[WhiteElo "2425"]
[BlackElo "2533"]
[PlyCount "62"]
[EventDate "2018.08.30"]
[EventType "swiss"]
[EventRounds "9"]
[EventCountry "USA"]
[SourceTitle "CBM 186 Extra"]
[Source "ChessBase"]
[SourceDate "2018.08.24"]
[SourceVersion "1"]
[SourceVersionDate "2018.08.24"]
[SourceQuality "1"]

1. e4 c5 2. Nf3 Nc6 3. Bb5 g6 4. Bxc6 bxc6 5. 0-0 Bg7 6. Re1 Nh6 7. c3 0-0 8. d4 cxd4 9. cxd4 d5 10. e5 f6 11. exf6 exf6 12. h3 Nf5 13. b3 Re8 14. Rxe8+ Qxe8 15. Nc3 Bf8 16. Bf4 g5 17. Bh2 h5 18. Qd3 Qg6 19. Nd2 a5 20. Nf1 Ba6 21. Qd2 Re8 22. Ne3 Kf7 23. Re1 Bc8 24. a3 Bxa3 25. Ncxd5 Nxe3 26. fxe3 cxd5 27. Qxa5 Qd3 28. Qxa3 Rxe3 29. Qc1 Rxe1+ 30. Qxe1 Qxd4+ 31. Kh1 Bg4 1/2-1/2

[Event "Continental op 48th"]
[Site "Sturbridge"]
[Date "2018.08.20"]
[Round "9"]
[White "Mulyar, Michael A"]
[Black "Matsenko, Sergei"]
[Result "1/2-1/2"]
[WhiteElo "2374"]
[BlackElo "2533"]
[PlyCount "110"]
[EventDate "2018.08.16"]
[EventType "swiss"]
[EventRounds "9"]
[EventCountry "USA"]
[SourceTitle "CBM 186 Extra"]
[Source "ChessBase"]
[SourceDate "2018.08.24"]
[SourceVersion "1"]
[SourceVersionDate "2018.08.24"]
[SourceQuality "1"]

1. Nf3 Nf6 2. g3 b5 3. Bg2 Bb7 4. 0-0 e6 5. d4 c5 6. c3 Be7 7. Bg5 0-0 8. Nbd2 Na6 9. e3 h6 10. Bxf6 Bxf6 11. Ne5 Bxg2 12. Kxg2 d6 13. Nef3 d5 14. a3 c4 15. Qc2 Rb8 16. Rfb1 Rb6 17. a4 b4 18. b3 cxb3 19. Qxb3 Qb8 20. cxb4 Nxb4 21. a5 Rb5 22. Qa4 a6 23. Rb3 Be7 24. Rab1 Qb7 25. Ng1 Rb8 26. Ne2 Qc7 27. Ra3 Nc6 28. Raa1 Rxb1 29. Nxb1 Bb4 30. Qc2 Qb7 31. Nf4 Bxa5 32. Nd3 Nb4 33. Qb3 Nxd3 34. Qxd3 Qb5 35. Qa3 Be1 36. Nc3 Bxc3 37. Qxc3 Qe2 38. Qc6 a5 39. Rxa5 Rb1 40. Qc8+ Kh7 41. Qa6 Qd1 42. Ra2 Qh1+ 43. Kh3 Rg1 44. f4 Qe4 45. Qe2 Qf5+ 46. g4 Qg6 47. Qf3 h5 48. Rg2 hxg4+ 49. Qxg4 Rxg2 50. Qxg2 Qxg2+ 51. Kxg2 Kg6 52. Kg3 Kf5 53. Kf3 f6 54. h3 Kg6 55. Kg4 f5+ 1/2-1/2

[Event "Continental op 48th"]
[Site "Sturbridge"]
[Date "2018.08.17"]
[Round "4"]
[White "Kim, Yoon Young"]
[Black "Matsenko, Sergei"]
[Result "0-1"]
[WhiteElo "2360"]
[BlackElo "2533"]
[PlyCount "46"]
[EventDate "2018.08.16"]
[EventType "swiss"]
[EventRounds "9"]
[EventCountry "USA"]
[SourceTitle "CBM 186 Extra"]
[Source "ChessBase"]
[SourceDate "2018.08.24"]
[SourceVersion "1"]
[SourceVersionDate "2018.08.24"]
[SourceQuality "1"]

1. d4 Nf6 2. c4 e6 3. g3 d5 4. Nf3 dxc4 5. Bg2 a6 6. 0-0 Nc6 7. e3 Rb8 8. Nfd2 e5 9. Bxc6+ bxc6 10. dxe5 Ng4 11. Nxc4 Be6 12. Nbd2 Bb4 13. Qc2 h5 14. b3 h4 15. Nf3 hxg3 16. fxg3 Bc5 17. Kh1 Qd7 18. Bd2 Bd5 19. e4 Qf5 20. h4 Bxe4 21. Qd1 Rd8 22. Qe2 Rxh4+ 23. gxh4 Nf2+ 0-1

[Event "Continental op 48th"]
[Site "Sturbridge"]
[Date "2018.08.17"]
[Round "3"]
[White "Matsenko, Sergei"]
[Black "Wu, Brandon"]
[Result "1-0"]
[WhiteElo "2533"]
[BlackElo "1980"]
[PlyCount "111"]
[EventDate "2018.08.16"]
[EventType "swiss"]
[EventRounds "9"]
[EventCountry "USA"]
[SourceTitle "CBM 186 Extra"]
[Source "ChessBase"]
[SourceDate "2018.08.24"]
[SourceVersion "1"]
[SourceVersionDate "2018.08.24"]
[SourceQuality "1"]

1. Nf3 Nf6 2. c4 g6 3. Nc3 d5 4. cxd5 Nxd5 5. Qa4+ Bd7 6. Qh4 Nb6 7. d4 h5 8. Bf4 Bg7 9. Qg3 Na6 10. e3 Rc8 11. Bxa6 bxa6 12. Be5 0-0 13. Bxg7 Kxg7 14. Qe5+ f6 15. Qc5 Rb8 16. d5 Bg4 17. Nd4 Qd6 18. Qxd6 cxd6 19. b3 Rfc8 20. Kd2 Rc5 21. e4 Bd7 22. Nce2 a5 23. Nf4 Kf7 24. a4 Na8 25. Nd3 Rcc8 26. Rhc1 e5 27. dxe6+ Bxe6 28. Nf4 Bd7 29. h4 Nc7 30. Rc3 Na6 31. Rxc8 Rxc8 32. Rc1 Nc5 33. f3 Rb8 34. Rc3 g5 35. hxg5 fxg5 36. Nxh5 Rb4 37. Ke3 Be6 38. Ng3 Bxb3 39. Ngf5 Rb6 40. Nxd6+ Rxd6 41. Rxc5 Bxa4 42. Rxa5 Be8 43. Rxa7+ Rd7 44. Ra5 Kf6 45. Rf5+ Kg6 46. Ne6 Rf7 47. Rxg5+ Kh6 48. Rg8 Re7 49. Nd4 Bg6 50. g4 Kh7 51. Rd8 Ra7 52. Kf4 Ra5 53. Rd7+ Kh8 54. e5 Bh7 55. e6 Bg8 56. e7 1-0

[Event "RUS-ch Eurasia Cup op"]
[Site "Ekaterinburg"]
[Date "2018.08.08"]
[Round "7"]
[White "Matsenko, Sergei"]
[Black "Drygalov, Andrey"]
[Result "1/2-1/2"]
[WhiteElo "2533"]
[BlackElo "2450"]
[PlyCount "82"]
[EventDate "2018.08.01"]
[EventType "swiss"]
[EventRounds "9"]
[EventCountry "RUS"]
[SourceTitle "CBM 185 Extra"]
[Source "ChessBase"]
[SourceDate "2018.07.29"]
[SourceVersion "1"]
[SourceVersionDate "2018.07.29"]
[SourceQuality "1"]

1. d4 Nf6 2. c4 e6 3. Nc3 Bb4 4. e3 0-0 5. Bd3 d5 6. Nge2 dxc4 7. Bxc4 c5 8. 0-0 cxd4 9. exd4 Nc6 10. a3 Be7 11. Qd3 b6 12. Rd1 Bb7 13. Ba2 Rc8 14. Nf4 Re8 15. Be3 Bd6 16. h3 Ne7 17. d5 Nexd5 18. Nfxd5 Nxd5 19. Nxd5 Bxd5 20. Bxd5 exd5 21. Qxd5 Be5 22. Qb7 Qc7 23. Qxc7 Rxc7 24. Rd2 h6 25. Rad1 Kf8 26. b3 Rc3 27. Rd7 Rc7 28. R7d5 f6 29. g4 Rc3 30. Rd7 Re7 31. R1d3 Rxd7 32. Rxd7 Rxb3 33. Rxa7 Bd6 34. a4 Bc5 35. Bxc5+ bxc5 36. Rc7 Ra3 37. Rxc5 Rxa4 38. Rc7 Kg8 39. Kg2 Ra3 40. h4 Rb3 41. h5 Ra3 1/2-1/2

[Event "RUS-ch Eurasia Cup op"]
[Site "Ekaterinburg"]
[Date "2018.08.04"]
[Round "4"]
[White "Tomilova, Elena"]
[Black "Matsenko, Sergei"]
[Result "0-1"]
[WhiteElo "2332"]
[BlackElo "2533"]
[PlyCount "116"]
[EventDate "2018.08.01"]
[EventType "swiss"]
[EventRounds "9"]
[EventCountry "RUS"]
[SourceTitle "CBM 185 Extra"]
[Source "ChessBase"]
[SourceDate "2018.07.29"]
[SourceVersion "1"]
[SourceVersionDate "2018.07.29"]
[SourceQuality "1"]

1. d4 e6 2. Nf3 Nf6 3. Bf4 b6 4. e3 Bb7 5. h3 Bd6 6. Bxd6 cxd6 7. Nbd2 0-0 8. c3 d5 9. Bd3 d6 10. 0-0 Nbd7 11. Rc1 e5 12. Bb1 Re8 13. Re1 Rc8 14. Nh2 h5 15. Qf3 g6 16. Qg3 Ne4 17. Nxe4 dxe4 18. f4 Qf6 19. fxe5 dxe5 20. Rf1 Qe6 21. Rcd1 Kg7 22. Rf2 f5 23. Rfd2 Nf6 24. dxe5 Nd5 25. Nf1 Qxe5 26. Qg5 Rc7 27. Ng3 Kf7 28. h4 Nf6 29. Bc2 Ba6 30. Bb3+ Bc4 31. Bxc4+ Rxc4 32. Ne2 Rc6 33. Nf4 Ng4 34. Rd7+ Re7 35. R1d5 Qf6 36. Nh3 Rxd7 37. Rxd7+ Ke8 38. Rd4 Qxg5 39. Nxg5 Ke7 40. Nh3 Nxe3 41. Nf4 Ng4 42. Kf1 Ne5 43. Rd5 Nc4 44. Rb5 Rd6 45. Ke1 Kd7 46. b3 Na3 47. Re5 Nb1 48. Ne2 Rd3 49. c4 Nc3 50. Nf4 Rd1+ 51. Kf2 Rd6 52. a4 a5 53. Ke3 Kc6 54. Ne6 Rd3+ 55. Kf4 Kd6 56. c5+ bxc5 57. Nxc5 Ne2+ 58. Kg5 Kxe5 0-1

[Event "Chicago op 27th"]
[Site "Chicago"]
[Date "2018.05.27"]
[Round "7"]
[White "Shmeliov, Denis"]
[Black "Matsenko, Sergei"]
[Result "1/2-1/2"]
[WhiteElo "2443"]
[BlackElo "2563"]
[PlyCount "161"]
[EventDate "2018.05.24"]
[EventType "swiss"]
[EventRounds "9"]
[EventCountry "USA"]
[SourceTitle "CBM 184 Extra"]
[Source "ChessBase"]
[SourceDate "2018.06.28"]
[SourceVersion "1"]
[SourceVersionDate "2018.06.28"]
[SourceQuality "1"]

1. d4 Nf6 2. c4 e6 3. Nc3 Bb4 4. Qc2 c5 5. dxc5 0-0 6. a3 Bxc5 7. Nf3 b6 8. Bf4 Bb7 9. Rd1 Nh5 10. Ng5 g6 11. Bc1 Be7 12. h4 Nc6 13. e4 Rc8 14. Be2 Ng7 15. Nf3 Na5 16. b3 a6 17. Bh6 Bxa3 18. h5 Nxh5 19. Ng5 Be7 20. Nxh7 Kxh7 21. Bxf8 Bxf8 22. Bxh5 Kg8 23. Be2 Bg7 24. Nb1 Qg5 25. Kf1 d5 26. exd5 Bxd5 27. Rg1 Qe7 28. Qd3 Bb7 29. Qd6 Qxd6 30. Rxd6 Bf8 31. Rd2 Bb4 32. Rb2 Rd8 33. g4 Kg7 34. Rg3 Nc6 35. Bf3 a5 36. Bxc6 Bxc6 37. Ke2 Rd4 38. Nd2 Bc5 39. Rc2 Rf4 40. f3 Rd4 41. Rh3 Bb4 42. Ke3 Bc5 43. Ke2 Bb4 44. Ke3 Rd8 45. g5 Bc5+ 46. Ke2 Be7 47. Rg3 Rh8 48. Ne4 Rh1 49. Rg2 Rh3 50. Ke3 Rh4 51. Rg4 Rh1 52. Rgg2 Rb1 53. Rb2 Ra1 54. Ra2 Rh1 55. Rh2 Rxh2 56. Rxh2 Bxe4 57. Kxe4 Bxg5 58. c5 bxc5 59. Ra2 Bd8 60. Rd2 Bf6 61. Rc2 Bd4 62. Rc4 f5+ 63. Kd3 e5 64. Ra4 Kf6 65. Rxa5 Kg5 66. Ra6 Kf4 67. Ke2 g5 68. Rg6 Bc3 69. Rg8 Bb4 70. Rg6 Ba3 71. Rg8 Bc1 72. Re8 Bb2 73. Rg8 e4 74. fxe4 fxe4 75. Rf8+ Ke5 76. Re8+ Kd4 77. Rd8+ Kc3 78. Rd5 Ba3 79. Rxg5 Kxb3 80. Re5 c4 81. Rxe4 1/2-1/2

[Event "Saint Louis Summer-B"]
[Site "Saint Louis"]
[Date "2018.05.21"]
[Round "7"]
[White "Ramirez Alvarez, Alejandro"]
[Black "Matsenko, Sergei"]
[Result "1/2-1/2"]
[WhiteElo "2572"]
[BlackElo "2563"]
[PlyCount "105"]
[EventDate "2018.05.15"]
[EventType "tourn"]
[EventRounds "9"]
[EventCountry "USA"]
[EventCategory "12"]
[SourceTitle "CBM 185"]
[Source "ChessBase"]
[SourceDate "2018.07.13"]
[SourceVersion "1"]
[SourceVersionDate "2018.07.13"]
[SourceQuality "1"]

1. c4 Nf6 2. Nf3 c5 3. b3 e6 4. Bb2 b6 5. g3 Bb7 6. Bg2 Be7 7. 0-0 0-0 8. e3 d5 9. Nc3 Qc8 10. d3 Rd8 11. Qe2 Nc6 12. cxd5 exd5 13. d4 cxd4 14. exd4 Re8 15. Rfd1 Bd6 16. Qc2 Nb4 17. Qc1 Ne4 18. a3 Nxc3 19. Bxc3 Nc6 20. b4 Qd8 21. Qb2 Rc8 22. Ne5 Bb8 23. Rac1 Ne7 24. b5 Ng6 25. Re1 Bd6 26. Qb3 Nxe5 27. dxe5 Bxe5 28. Bxe5 Rxe5 29. Qb4 Rxe1+ 30. Rxe1 h6 31. h4 Rc5 32. a4 Bc8 33. Rd1 Be6 34. Qf4 Kf8 35. Kf1 Kg8 36. Kg1 Kf8 37. Kf1 Qd7 38. Qb8+ Rc8 39. Qe5 Rc5 40. Bf3 Bh3+ 41. Kg1 Be6 42. Kf1 Kg8 43. Kg1 Qd8 44. Kg2 Kf8 45. Rd2 Qc7 46. Qb2 Kg8 47. Qb1 Rc1 48. Qd3 Qc4 49. Bxd5 Bxd5+ 50. Qxd5 Qxa4 51. Qf5 Rd1 52. Qc8+ Kh7 53. Qf5+ 1/2-1/2

[Event "Saint Louis Summer-B"]
[Site "Saint Louis"]
[Date "2018.05.19"]
[Round "5"]
[White "Ali Marandi, Cemil Can"]
[Black "Matsenko, Sergei"]
[Result "1/2-1/2"]
[WhiteElo "2521"]
[BlackElo "2563"]
[PlyCount "66"]
[EventDate "2018.05.15"]
[EventType "tourn"]
[EventRounds "9"]
[EventCountry "USA"]
[EventCategory "12"]
[SourceTitle "CBM 185"]
[Source "ChessBase"]
[SourceDate "2018.07.13"]
[SourceVersion "1"]
[SourceVersionDate "2018.07.13"]
[SourceQuality "1"]

1. e4 e6 2. d4 d5 3. Nd2 c5 4. exd5 Qxd5 5. Ngf3 cxd4 6. Bc4 Qd6 7. 0-0 Nf6 8. Nb3 Nc6 9. Nbxd4 Nxd4 10. Qxd4 Qxd4 11. Nxd4 Bd7 12. Be2 Bc5 13. Nb3 Bb6 14. Bf3 Rc8 15. c3 Bc6 16. Bxc6+ Rxc6 17. a4 a5 18. Bf4 Nd5 19. Be5 f6 20. Bd4 Bc7 21. Rfd1 Kf7 22. f3 Ra8 23. Bf2 Bb6 24. Rd2 Bxf2+ 25. Kxf2 Nb6 26. f4 Ke7 27. Rd3 Rd6 28. Rxd6 Kxd6 29. Rd1+ Ke7 30. Nc5 Rc8 31. Nxb7 Nxa4 32. Rd2 Rb8 33. Nxa5 Rxb2 1/2-1/2

[Event "USA-chT College final"]
[Site "New York"]
[Date "2018.03.31"]
[Round "1.1"]
[White "Matsenko, Sergei"]
[Black "Shimanov, Aleksandr"]
[Result "1/2-1/2"]
[WhiteElo "2560"]
[BlackElo "2641"]
[PlyCount "35"]
[EventDate "2018.03.31"]
[EventType "team-tourn"]
[EventRounds "3"]
[EventCountry "USA"]
[SourceTitle "CBM 183 Extra"]
[Source "ChessBase"]
[SourceDate "2018.04.19"]
[SourceVersion "1"]
[SourceVersionDate "2018.04.19"]
[SourceQuality "1"]
[WhiteTeam "Texas Tech Univ"]
[BlackTeam "Webster Univ"]
[WhiteTeamCountry "USA"]
[BlackTeamCountry "USA"]

1. d4 Nf6 2. c4 e6 3. Nc3 d5 4. cxd5 Nxd5 5. e4 Nxc3 6. bxc3 c5 7. Nf3 cxd4 8. cxd4 Bb4+ 9. Bd2 Bxd2+ 10. Qxd2 0-0 11. Bd3 Nc6 12. e5 Qa5 13. Be4 Bd7 14. Rb1 Rab8 15. Qxa5 Nxa5 16. Ke2 Rfc8 17. Rhc1 Kf8 18. Nd2 1/2-1/2

[Event "Saint Louis Winter IM"]
[Site "Saint Louis"]
[Date "2018.02.09"]
[Round "2"]
[White "Matsenko, Sergei"]
[Black "Colas, Joshua"]
[Result "1/2-1/2"]
[WhiteElo "2561"]
[BlackElo "2207"]
[PlyCount "104"]
[EventDate "2018.02.08"]
[EventType "tourn"]
[EventRounds "9"]
[EventCountry "USA"]
[EventCategory "4"]
[SourceTitle "CBM 182 Extra"]
[Source "ChessBase"]
[SourceDate "2018.02.23"]
[SourceVersion "1"]
[SourceVersionDate "2018.02.23"]
[SourceQuality "1"]

1. Nf3 Nf6 2. c4 e6 3. g3 d5 4. Bg2 Be7 5. 0-0 dxc4 6. Na3 c5 7. Nxc4 Nc6 8. b3 0-0 9. Bb2 Rb8 10. d4 b5 11. Nce5 Nxe5 12. Nxe5 Bb7 13. Bxb7 Rxb7 14. Nc6 Qd6 15. Nxe7+ Qxe7 16. dxc5 Qxc5 17. Bxf6 gxf6 18. Qd2 Qg5 19. Qb4 Rd8 20. Rac1 Qd2 21. Qg4+ Qg5 22. Qf3 Rbd7 23. b4 f5 24. Rc5 Rd5 25. Rc7 R8d7 26. Rfc1 Qd2 27. Rc8+ Rd8 28. a3 Rxc8 29. Rxc8+ Rd8 30. Rc7 Rd7 31. Rc8+ Rd8 32. Rxd8+ Qxd8 33. Kg2 Qd7 34. h4 Kg7 35. e4 fxe4 36. Qxe4 Qd6 37. Qg4+ Kf8 38. Qg5 Qc6+ 39. Kh2 a6 40. Qd8+ Kg7 41. Qg5+ Kf8 42. Qf6 Qe4 43. h5 Qf5 44. Qxf5 exf5 45. Kg2 Kg7 46. Kf3 Kf6 47. Kf4 h6 48. f3 Ke6 49. g4 f6 50. gxf5+ Kd5 51. Ke3 Ke5 52. f4+ Kd5 1/2-1/2

[Event "Pan American Intercollegiate-chT"]
[Site "Columbus"]
[Date "2017.12.29"]
[Round "4.2"]
[White "Matsenko, Sergei"]
[Black "Swiercz, Dariusz"]
[Result "0-1"]
[WhiteElo "2546"]
[BlackElo "2649"]
[PlyCount "152"]
[EventDate "2017.12.27"]
[EventType "team-swiss"]
[EventRounds "6"]
[EventCountry "USA"]
[SourceTitle "CBM 182 Extra"]
[Source "ChessBase"]
[SourceDate "2018.02.23"]
[SourceVersion "1"]
[SourceVersionDate "2018.02.23"]
[SourceQuality "1"]
[WhiteTeam "Texas Tech Univ"]
[BlackTeam "St Louis Univ"]
[WhiteTeamCountry "USA"]
[BlackTeamCountry "USA"]

1. Nf3 d5 2. d4 Nf6 3. c4 e6 4. g3 Bb4+ 5. Bd2 Be7 6. Bg2 0-0 7. 0-0 c6 8. Bf4 Nbd7 9. Qb3 a5 10. Rc1 Ne4 11. Nc3 g5 12. Be3 Nd6 13. c5 Nc4 14. Na4 Nxe3 15. Qxe3 g4 16. Nd2 Bg5 17. Qc3 e5 18. dxe5 Qe7 19. Rd1 Qxe5 20. e4 Qxc3 21. bxc3 Bxd2 22. Rxd2 dxe4 23. Bxe4 Nf6 24. Bg2 Bf5 25. Rad1 Rae8 26. f3 Re5 27. fxg4 Nxg4 28. h3 Ne3 29. Re1 Rfe8 30. Kh2 h5 31. Bf3 Bg6 32. Kg1 Kg7 33. Ree2 Bf5 34. h4 Bg4 35. Bxg4 Nxg4 36. Rxe5 Rxe5 37. Kg2 Kg6 38. Rb2 f6 39. a3 Kf5 40. Rxb7 Re2+ 41. Kg1 Re1+ 42. Kg2 Re2+ 43. Kg1 Ke4 44. Rb2 Re1+ 45. Kg2 Ne3+ 46. Kf2 Rf1+ 47. Ke2 Rg1 48. c4 Rg2+ 49. Ke1 Nc2+ 50. Kd1 Ne3+ 51. Ke1 Rxg3 52. Nc3+ Kd3 53. Ne2 Rf3 54. Rd2+ Kxc4 55. Nd4 Ng2+ 56. Ke2 Rxa3 57. Nxc6 Kxc5 58. Rc2+ Kd5 59. Ne7+ Ke6 60. Nc6 Nf4+ 61. Ke1 Kd5 62. Ne7+ Ke4 63. Rc4+ Kf3 64. Nf5 Rd3 65. Nd4+ Kg3 66. Nc6 Rd5 67. Ra4 f5 68. Ra3+ Kxh4 69. Nxa5 Rc5 70. Nb3 Re5+ 71. Kf2 Nd3+ 72. Kf3 f4 73. Ra4 Re3+ 74. Kg2 Ne1+ 75. Kf2 Rxb3 76. Kxe1 Kg3 0-1